[Event "SM-gruppen"]
[Site "Lund"]
[Date "2010.07.05"]
[Round "3"]
[White "Vas, Peter"]
[Black "Hector, Jonny"]
[Result "0-1"]
[WhiteElo "2305"]
[BlackElo "2584"]
[Annotator "Michael de Verdier"]
[PlyCount "96"]
[EventDate "2010.??.??"]
[EventRounds "9"]
[EventCountry "SWE"]
[Source "Anders Hansen"]
[SourceDate "2010.07.03"]

1. d4 d5 2. Nf3 Nf6 3. c4 c6 {
Hector spelar ju nästan uteslutande Slav mot 1.d4.} 4. e3 Bf5 5. Nc3 e6 6. Nh4
Be4 7. f3 Bg6 8. Qb3 Qb6 (8... b5 {, som introducerades av Tiger Hillarp
Persson under Corus 2009, har även figurerat i Hectors partier. Det ska dock
sägas att draget inte är helt sunt.}) 9. Nxg6 hxg6 10. Bd2 Bd6 11. f4 {
Diagram #} Be7 $5 ({Det normala} 11... Nbd7 {har Hector spelat tidigare, bland
annat mot Dautov i Lag-EM i Göteborg 2005. 11..Le7 kanske förbereder ett
framtida ..g5.}) 12. Be2 Nbd7 13. O-O Qxb3 14. axb3 a6 15. Bf3 Rd8 16. Rfd1 ({
Vit vill gärna bryta upp centrum för sina löpare med e3-e4. Därför kanske} 16.
Be1 {
med planen Lf2, för att gardera d4, var en intressant förberedande manöver.})
16... Nh7 $5 {Förbereder antingen ..f5, ..g5, eller båda!} 17. e4 dxe4 18. Nxe4
f5 19. Nc3 {Diagram # Vit vill nu gärna få igenom d5 för att vitfältaren ska
jobba på maxnivå, frågan är om svart har tillräckligt motspel.} g5 $1 {
Precis i rätt tid, när vit skulle slå till i centrum.} 20. Re1 (20. g3 g4 21.
Bg2 {kanske förtjände uppmärksamhet.}) 20... Kf7 21. d5 exd5 22. cxd5 g4 23.
Bd1 ({Pjäsoffret efter} 23. Be2 Ndf6 ({
kanske är en viktig mellanschack för svart} 23... Bc5+ 24. Kf1 cxd5 25. Nxd5
Ndf6 {med en bra ställning för svart.}) 24. dxc6 Rxd2 25. Bc4+ Ke8 26. cxb7 {
såg oklart ut.}) 23... Ndf6 24. Bc2 Bc5+ 25. Be3 Bxe3+ 26. Rxe3 cxd5 27. Rd1 ({
faller på} 27. Bxf5 d4) 27... g6 ({Nu, om svart gör} 27... d4 {
kan vit spika bonden med} 28. Red3) 28. Red3 Rhe8 29. b4 Kg7 30. Kf1 Rd6 31.
Nxd5 {Peter har vunnit tillbaka sin bonde men han har fortfarande en del
svagheter i bondestrukturen.} Re4 32. R3d2 Rxd5 33. Bxe4 Rxd2 34. Rxd2 fxe4 35.
Rd6 Nf8 36. Rb6 Nd5 37. Rxb7+ Kf6 {Diagram # Ett komplicerat slutspel. Blir
svarts två springare + e-bonde för starka, eller har vit tillräcklig
försvarsresurser?} 38. g3 Ne6 39. b5 axb5 40. Rxb5 Nec7 41. Rc5 Ke7 42. Rc6 Ne6
43. b4 Ne3+ 44. Ke1 Nd4 45. Rxg6 $2 {Förlorar direkt.} (45. Rc3 Nd5 46. Rc5 {
var nog nödvändigt, även om jag tror att svart har väldigt goda vinstchanser
även här.}) 45... Nec2+ 46. Kf1 e3 47. Rg5 e2+ 48. Kg2 Nf3 0-1

[Event "SM-gruppen"]
[Site "Lund"]
[Date "2010.07.06"]
[Round "4"]
[White "Berg, Emanuel"]
[Black "Hillarp Persson, Tiger"]
[Result "1-0"]
[WhiteElo "2612"]
[BlackElo "2538"]
[Annotator "Michael de Verdier"]
[PlyCount "69"]
[EventDate "2010.??.??"]
[EventRounds "9"]
[EventCountry "SWE"]
[Source "Anders Hansen"]
[SourceDate "2010.07.03"]

1. e4 c6 {En överraskning från Tigers sida.} 2. d4 d5 3. Nc3 dxe4 4. Nxe4 Bf5 (
{Tiger väljer inte samma variant,} 4... Nd7 {
, som Anders Eriksson hade spelat mot Emanuel dagen innan.}) 5. Ng3 Bg6 6. h4
h6 7. Nf3 Nd7 8. h5 Bh7 9. Bd3 Bxd3 10. Qxd3 e6 11. Bd2 Ngf6 12. O-O-O Be7 13.
Qe2 {Ett intressant drag, som de azeriska musketörerna Gashimov, Guseinov och
Mamedov gillar att använda sig av.} c5 14. Rhe1 O-O 15. Nf5 Re8 16. Nxe7+ Qxe7
17. Kb1 ({Som jag har förstått det så är det här det första nya draget.} 17. c4
cxd4 18. Nxd4 Qc5 {anses vara helt OK för svart.}) 17... Rac8 18. Rg1 {
Frågan är nu hur svart ska bemöta vits g4-g5 push.} cxd4 (18... e5 $5 {
ser intressant ut. Efter} 19. dxe5 Nxe5 20. Nxe5 Qxe5 21. Qxe5 Rxe5 22. g4 Re4
23. f3 Re2 {kanske svarts motspel längs e-linjen ger honom en OK ställning.})
19. Nxd4 Nd5 20. c4 N5b6 ({
Här hamnar springaren väldigt offside, men att backa tillbaka med} 20... N5f6 {
lockade nog inte, efter} 21. g4 {startar vit sin attack.}) 21. b3 Nc5 22. g4 f6
23. Bb4 $1 {Ett exakt drag som ökar trycket på svarts ställning.} a6 {
Vits hot var Sb5.} 24. Rge1 Qf7 25. Bxc5 $1 {Emanuel visar fin känsla. Han
hoppas att svarts dåliga springare på b6 ska vara en för stor defekt när
spelet så småningon blir konkret.} Rxc5 26. f4 {
Med hotet Sxe6, med möjligheten att sedan gardera upp med f5.} e5 27. Nf5 Nc8
28. Rd2 Qf8 $2 {Förlorar direkt, men svarts ställning var nästan hopplös ändå.}
({Nåt i stil med} 28... b5 {var nödvändigt. Efter} 29. Qf2 Rc6 30. cxb5 axb5
31. fxe5 fxe5 32. Qg2 $1 Rc7 33. Qd5 $1 {har dock vit en klar fördel.}) 29. Rd7
Ne7 30. Nd6 Rb8 31. b4 Rc6 32. fxe5 Nc8 33. c5 Nxd6 34. exd6 b6 35. Qe4 1-0

[Event "SM-gruppen"]
[Site "Lund"]
[Date "2010.07.06"]
[Round "4"]
[White "Brynell, Stellan"]
[Black "Semcesen, Daniel"]
[Result "1/2-1/2"]
[WhiteElo "2495"]
[BlackElo "2420"]
[Annotator "Michael de Verdier"]
[PlyCount "37"]
[EventDate "2010.??.??"]
[EventRounds "9"]
[EventCountry "SWE"]
[Source "Anders Hansen"]
[SourceDate "2010.07.03"]

1. d4 d5 2. Nf3 Nf6 3. c4 dxc4 {Mot Grandelius spelade Daniel holländskt, i
rond 2. Idag väljer han det mer solida alternativet, antagen damgambit.} 4. e3
Bg4 {En variant Daniel har spelat tidigare, bland annat mot Ivanov i
Elitserien 2010.} 5. Bxc4 e6 6. h3 ({Efter} 6. Qb3 {
måste svart vara beredd att offra en bonde med} Bxf3 7. gxf3 Nbd7 8. Qxb7 c5)
6... Bh5 7. Nc3 a6 8. O-O Nc6 9. Be2 {Stellan väljer att inte spela så
kritiskt, utan att bara utveckla sina pjäser. Daniel har dock en klar plan
baserat på ..e5-breaket, som visar sig utjämna direkt.} Bd6 10. b3 O-O 11. Bb2
Qe7 12. Rc1 Rad8 13. Nd2 Bg6 $1 {Svart vill gärna att vits dam ska stå kvar på
d1, på samma linje som tornet, efter ..e5.} 14. Nc4 e5 15. Nxd6 exd4 $5 {
Diagram # Ett listigt mellanslag.} 16. exd4 (16. Nxb7 dxc3 17. Nxd8 Rxd8 18.
Qxd8+ Qxd8 19. Bxc3 {ser inte ut att ge vit tillräckligt med kompensation.}) ({
Datorns lustiga} 16. Nd5 $5 {har sina meriter.} Nxd5 (16... Qxd6 17. Nxf6+ Qxf6
{utjämnar direkt.}) 17. Nxb7 Nc3 18. Bxc3 dxc3 19. Nxd8 Rxd8 20. Qe1 c2 {
uppstår en oklar ställning, där vit har kvalitet mot svarts garderade c2-bonde.
}) 16... Qxd6 17. Na4 Nxd4 18. Bxd4 Qxd4 19. Qxd4 ({
Båda spelarna gjorde bedömningen att ställningen efter} 19. Qxd4 Rxd4 20. Rxc7
Rd2 21. Nc3 {var helt lika.}) 1/2-1/2

[Event "SM-gruppen"]
[Site "Lund"]
[Date "2010.07.06"]
[Round "4"]
[White "Eriksson, Anders"]
[Black "Hector, Jonny"]
[Result "0-1"]
[WhiteElo "2311"]
[BlackElo "2584"]
[Annotator "Michael de Verdier"]
[PlyCount "58"]
[EventDate "2010.??.??"]
[EventRounds "9"]
[EventCountry "SWE"]
[Source "Anders Hansen"]
[SourceDate "2010.07.03"]

1. Nf3 d5 2. g3 Nc6 3. d4 Bg4 4. Bg2 e6 5. O-O Be7 {Diagram # En ovanlig
uppställning av Jonny, som nog gärna ville ta Eriksson från de mer utstuderade
svängarna.} 6. c4 Bf6 7. e3 Nge7 8. h3 Bf5 9. Nc3 Bg6 10. Qe2 O-O 11. Rd1 Re8
12. b3 Qd7 13. Bb2 Rad8 14. Nh2 ({Med idéen Sg4.} 14. e4 {
ser naturligt ut, men svart får press mot vits centrum efter} dxe4 15. Nxe4
Bxe4 16. Qxe4 Nf5) 14... h5 $1 15. f4 $6 ({När man vet hur partiet slutade är
det lätt att kritisera det här draget. Kanske nåt mer normalt som} 15. Rac1 {
var ett säkrare alternativ.}) 15... Nf5 $1 16. g4 hxg4 17. hxg4 {Diagram #}
Ncxd4 $5 {Jonny är inte den som räds att offra pjäser.} 18. Qd2 (18. exd4 {
var nog bättre. Efter} Bxd4+ 19. Rxd4 Nxd4 20. Qf2 dxc4 21. bxc4 {
är svarts fördel bara minimal.}) 18... Nxe3 19. Qxe3 Nc2 20. Qxa7 $2 {Diagram #
} ({Damen hade behövts i försvaret. Efter} 20. Qf2 {lever vit fortfarande.})
20... b6 $1 {Man ser direkt defekten av vits senaste drag. Dels är damen
avskärmad från försvaret av den egna kungen, plus att det finns motiv med att
fånga damen med ..Ta8 följt av ..Teb8.} 21. cxd5 Nxa1 22. Bxa1 Qd6 23. Ne2 Bxa1
24. Rxa1 Bd3 {Vit spelar temporärt med dam under, och hans övriga pjäser känns
tämligen okoordinerade.} 25. Nc1 Bb5 {Nu ryker vits dam oavsett vad han gör.}
26. a4 Ra8 27. Qb7 Qc5+ 28. Kh1 exd5 (28... Qc3 29. dxe6 fxe6 {
såg också ut att vinna direkt.}) 29. Nf3 (29. Na2 {bemöts med} Bc6 $1 30. Qxc7
Rac8 31. Qa7 Re2 {och vits dam är fortfarande helt borta. Svart står på vinst.}
) 29... Ba6 0-1

[Event "SM-gruppen"]
[Site "Lund"]
[Date "2010.07.06"]
[Round "4"]
[White "Grandelius, Nils"]
[Black "Vas, Peter"]
[Result "1-0"]
[WhiteElo "2505"]
[BlackElo "2305"]
[Annotator "Michael de Verdier"]
[PlyCount "71"]
[EventDate "2010.??.??"]
[EventRounds "9"]
[EventCountry "SWE"]
[Source "Anders Hansen"]
[SourceDate "2010.07.03"]

1. d4 d5 2. c4 e6 3. Nf3 Nf6 4. Nc3 dxc4 {Vienna-varianten. Nils har ju själv
spelat den här öppningen med svart, med bra resultat.} 5. e4 a6 ({
En mycket ovanlig variant. Den normala fortsättningen är} 5... Bb4 6. Bg5 c5 {
, som ju t.ex. spelades i ett parti i matchen mellan Kramnik och Anand, i Bonn
2008.}) 6. e5 Nd5 7. Bxc4 Be7 ({Den indiska stormästaren Barua har testat} 7...
Nxc3 8. bxc3 b5 9. Bd3 Bb7 {här.}) 8. O-O O-O 9. Bd3 {Diagram #} Nxc3 {
Det här draget kritiserades av Jacob Aagaard, som tyckte att svartstabiliserade
vits centrum, och på så sätt tillät vit att spela hårdare på angrepp.} 10. bxc3
c5 11. Qe2 Nc6 12. Qe4 g6 13. Bh6 Re8 14. Rad1 cxd4 15. Qf4 $5 Qc7 {
Svart vill kanske spela ..f5, och sedan byta dam om vit slår en passant.} (
15... dxc3 16. Bxg6 fxg6 17. Rxd8 Rxd8 18. Ng5 Bxg5 19. Bxg5 {
ger vit klar fördel.}) 16. cxd4 Nb4 ({Efter} 16... f5 {
direkt kanske vit bara kör på med h-bonden.} 17. h4 {med ett farligt initiativ.
}) 17. h4 Bd7 18. Bb1 Nd5 19. Qg4 Nc3 20. h5 $5 {Diagram #} Nxb1 (20... Nxd1 {
förlorar efter} 21. hxg6 hxg6 22. Bxg6 $1) 21. Rxb1 Bb5 ({
Jag tyckte under partiet att} 21... Bc6 {
var en bättre ruta för löparen, för att hålla koll på fälten f3 och e4.}) 22.
hxg6 hxg6 23. Rfc1 Qd7 24. Ng5 Rec8 25. Qf3 Bxg5 26. Bxg5 {Diagram #} f5 $2 ({
Förlorar direkt.} 26... Rxc1+ 27. Rxc1 {var nog nödvändigt. Efter t.ex.} Rc8
28. Rd1 {står vit dock fortfarande bättre.}) 27. exf6 Kf7 28. Rxc8 Rxc8 29. Qh3
Kg8 30. d5 $1 Re8 (30... exd5 {bemöts med} 31. f7+ $1 {
och svart tvingas offra c8-tornet.}) 31. Qh6 Qf7 32. Rb3 exd5 33. Rh3 Re1+ 34.
Kh2 Qc7+ 35. Bf4 Qg7 36. Qxg7# 1-0

[Event "SM-gruppen"]
[Site "Lund"]
[Date "2010.07.06"]
[Round "4"]
[White "Tikkanen, Hans"]
[Black "Abdollahzadeh Sani, Arash"]
[Result "1-0"]
[WhiteElo "2469"]
[BlackElo "2143"]
[Annotator "Michael de Verdier"]
[PlyCount "83"]
[EventDate "2010.??.??"]
[EventRounds "9"]
[EventCountry "SWE"]
[Source "Anders Hansen"]
[SourceDate "2010.07.03"]

1. d4 Nf6 2. c4 c5 3. d5 e6 4. Nc3 exd5 5. cxd5 d6 6. Nf3 g6 7. g3 {
Hans väljer fianchetto-varianten mot Arashs Benoni.} Bg7 8. Bg2 O-O 9. O-O Na6
({Något ovanligt. De vanligaste svängarna börjar med} 9... Re8 10. Nd2 a6 11.
a4 Nbd7) 10. Re1 (10. Nd2 {
för att föra över hästen till c4 har spelats tidigare.}) 10... Re8 (10... Nc7 {
spelades mellan Bator och Agrest, Sigeman 1996.}) 11. e4 {Diagram #} Bg4 {
Det är alltid svårt att veta när planen ..Lg4xf3 är bra för svart i Benoni.
För mig kändes det i detta läget mer naturligt att förbereda ..b5.} 12. h3 Bxf3
13. Qxf3 Nb4 14. Qd1 c4 15. Bf1 Qd7 16. a3 Na6 17. Bxc4 Qxh3 18. Bf1 {Diagram #
} Qg4 $6 {
Slutspelet gynnar inte svart, även om han står sämre även med damerna kvar.}
19. Bf4 Qxd1 20. Raxd1 Red8 21. Nb5 Ne8 22. b4 Nac7 23. Nxc7 Nxc7 24. Bg5 f6 ({
Ett drag som vit gärna ville locka fram, men} 24... Rdb8 {
är ett tråkigt drag att behöva spela.}) 25. Be3 Re8 26. Rc1 Re7 27. a4 Kh8 28.
b5 Rae8 29. Red1 {Diagram # Vit står helt överlägset med sitt löparpar och
bättre bondestruktur. Svarts Benonilöpare är begravd efter ..f6-draget.} Na8
30. Bd3 Nb6 31. a5 Na4 32. Rd2 b6 33. axb6 Nxb6 34. Bxb6 axb6 35. Rc6 f5 36.
exf5 gxf5 37. Bxf5 Bh6 38. Rdc2 Re1+ 39. Kg2 Rf8 40. g4 Bf4 41. Rc7 h6 42. Rh7+
1-0

[Event "SM-gruppen"]
[Site "Lund"]
[Date "2010.07.07"]
[Round "5"]
[White "Abdollahzadeh Sani, Arash"]
[Black "Brynell, Stellan"]
[Result "0-1"]
[WhiteElo "2143"]
[BlackElo "2495"]
[Annotator "Michael de Verdier"]
[PlyCount "72"]
[EventDate "2010.??.??"]
[EventRounds "9"]
[EventCountry "SWE"]
[Source "Anders Hansen"]
[SourceDate "2010.07.03"]

1. e4 e6 2. d4 d5 3. Nc3 Nf6 4. e5 Nfd7 5. f4 c5 6. Nf3 Nc6 7. Be3 a6 ({
Mot Tiger Hillarp Persson två dagar tidigare hade Stellan spelat} 7... cxd4 8.
Nxd4 Bc5) 8. Qd2 b5 9. dxc5 (9. a3 $5 {
är det lite modernare spelsättet mot den här svarta uppställningen.}) 9... Bxc5
10. Bxc5 Nxc5 11. Nd4 {Diagram #} ({Teorisvängarna börjar oftast med} 11. Qf2
Qb6 12. Bd3 {Draget som Abdollahzadeh valde är tämligen ovanligt, även om det
har spelats på relativt hög nivå.}) 11... Bb7 12. Nb3 Nxb3 13. axb3 O-O 14. Bd3
Qb6 {Diagram #} 15. g4 $2 ({Svart har uppnått bekväm utjämning ur öppningen.
Det var nog dags för vit att tänka på något i stil med} 15. Qf2 Qxf2+ 16. Kxf2
f6 17. exf6 Rxf6 18. g3 {
med ungefär lika spel, möjligtvis minimalt svart initiativ.}) 15... Rac8 16. g5
Rc7 (16... Nd4 17. Qf2 Nxc2+ {
var en lustig möjlighet, även om vit håller lika spel efter} 18. Bxc2 Qxf2+ 19.
Kxf2 b4 20. Rhc1 bxc3 21. bxc3 f6 22. gxf6 gxf6 23. Ke2) (16... Nb4 {
såg dock ännu starkare ut.}) 17. Qf2 Qxf2+ 18. Kxf2 Nb4 19. Rhc1 f6 {
Svart bryter upp centrum och hans pjäser börjar jobba på allvar.} 20. exf6 gxf6
21. Rg1 f5 22. Ne2 {Diagram #} d4 $5 (22... Nxc2 23. Bxc2 Rxc2 24. Rgc1 Rxb2
25. Rc7 Rf7 {såg också väldigt bra ut för svart.}) 23. Nxd4 Nxd3+ 24. cxd3 Rd8
25. Ne2 Rxd3 {Svarts problempjäs i franskt, vitfältslöparen, är nu den
starkaste pjäsen på brädet.} 26. Rg3 Rd2 27. Rc3 Rcd7 28. Rb1 Be4 29. Rbc1 Bd3
30. Re1 Rxb2 31. Rc6 Kf7 32. Rxa6 Be4 33. b4 Rd3 34. Ra7+ Kg6 35. Kg1 Rdd2 36.
Kf2 Bd3 {Ett bra kontringsparti av Brynell.} 0-1

[Event "SM-gruppen"]
[Site "Lund"]
[Date "2010.07.07"]
[Round "5"]
[White "Hector, Jonny"]
[Black "Grandelius, Nils"]
[Result "1-0"]
[WhiteElo "2584"]
[BlackElo "2505"]
[Annotator "Michael de Verdier"]
[PlyCount "191"]
[EventDate "2010.??.??"]
[EventRounds "9"]
[EventCountry "SWE"]
[Source "Anders Hansen"]
[SourceDate "2010.07.03"]

1. e4 e5 2. Nf3 Nc6 3. Bc4 Nf6 4. d4 exd4 5. O-O Nxe4 6. Re1 d5 7. Bxd5 Qxd5 8.
Nc3 Qh5 9. Nxe4 Be6 10. Bg5 Bd6 11. Nxd6+ cxd6 12. Bf4 Qd5 13. c3 O-O 14. Nxd4
Nxd4 15. Qxd4 Qxd4 16. cxd4 d5 {Diagram # I det här läget avskrev jag det här
partiet som en tidig remi, men jag fick äta upp mina ord.} 17. Re3 Rfc8 18. Rb3
b6 19. Rg3 f6 (19... Rc2 20. Be5 g6 {
såg ut som den givna fortsättningen för svart.}) 20. Re1 Kf7 21. Rge3 Re8 22.
h4 Bf5 23. f3 Rac8 24. g4 Rxe3 25. Rxe3 Bd7 26. Bd6 Be6 27. Ra3 a5 28. b4 Rc6
29. Bf4 {Diagram #} h5 $6 (29... axb4 {
och partiet är fortfarande lättspelat för svart.}) 30. bxa5 bxa5 31. gxh5 Rc4
32. Rxa5 Rxd4 33. Ra7+ Kg8 34. Ra8+ Kh7 35. Be3 Rd3 (35... Rxh4 36. h6 gxh6 37.
Ra6 {leder till direkt remi.}) 36. Bc5 Rxf3 37. a4 Rc3 38. Bf2 Ra3 39. a5 Ra1+
40. Kh2 Ra2 41. Kg3 Ra3+ 42. Kh2 d4 $6 (42... Ra2 {med trolig remi var bättre.}
) 43. a6 d3 $2 (43... Bd5 44. Rd8 Bc4 {och svart kan aldrig förlora.}) 44. a7
Bd5 45. Rd8 Be4 46. Kg3 {
Nu är det helt plötsligt obehagligt för svart med a7-bonden.} f5 47. Kf4 Ra2
48. Be3 Rg2 49. Ke5 Re2 50. Kf4 Ra2 51. Bd4 Rh2 52. Ke5 Rxh4 53. Be3 Rh3 54.
Bf4 d2 55. Bxd2 Ra3 56. Rd7 Kg8 57. Bb4 Ra6 58. Bc3 Kh7 59. Bd2 Kg8 60. Kf4 Kh7
61. Kg5 Ra3 62. Re7 Rg3+ 63. Kf4 Ra3 64. Ke5 Kg8 65. Rc7 Ra2 66. Be3 Re2 67.
Bc1 Ra2 68. Bg5 Rg2 69. Be3 Re2 70. Kf4 Kh7 71. Rc8 Ra2 72. Bd4 Ra3 73. Be3 Ra2
74. Re8 g6 75. Kg5 gxh5 76. Re7+ Kg8 77. Kxh5 Ra5 78. Bd2 Ra4 79. Bc3 Kf8 80.
Bf6 Ra2 81. Rc7 Ke8 82. Kg6 Rg2+ 83. Bg5 Ra2 84. Re7+ Kf8 85. Re6 f4+ 86. Rxe4
Ra6+ 87. Bf6 Rxa7 88. Rd4 Ra8 89. Rxf4 Ke8 90. Rd4 Rb8 91. Rd6 Kf8 92. Rd7 Ke8
93. Rc7 {Diagram #Jonny har kämpat ner Nils i ett jobbigt slutspel. Nu går
dock den unge skåningen bort sig totalt, med lite tid kvar på klockan.} Rb5 $4
(93... Rb6 $1 {var fortfarande remi.}) 94. Re7+ Kf8 95. Rd7 Rb8 96. Rh7 1-0

[Event "SM-gruppen"]
[Site "Lund"]
[Date "2010.07.07"]
[Round "5"]
[White "Hillarp Persson, Tiger"]
[Black "Eriksson, Anders"]
[Result "1/2-1/2"]
[WhiteElo "2538"]
[BlackElo "2311"]
[Annotator "Michael de Verdier"]
[PlyCount "70"]
[EventDate "2010.??.??"]
[EventRounds "9"]
[EventCountry "SWE"]
[Source "Anders Hansen"]
[SourceDate "2010.07.03"]

1. d4 Nf6 2. c4 c5 3. d5 b5 4. cxb5 a6 5. bxa6 Bxa6 6. g3 g6 7. Bg2 d6 8. b3
Bg7 9. Bb2 O-O {Diagram #} 10. Nf3 ({Vanligtvis är poängen med vits dragföljd.
} 10. Nh3) 10... Nbd7 11. O-O Bb7 12. Ne1 Ra6 13. Nc3 Qa8 14. Qd2 e6 $5 {
Diagram # Eriksson väljer att spela mot vits centrum istället för pådamflygeln,
som man brukar göra i Volga.} 15. dxe6 ({Att behålla lite fäste i centrum med} 
15. e4 exd5 16. exd5 Nb6 17. Rd1 {var ett seriöst alternativ.}) 15... fxe6 16.
Bxb7 Qxb7 17. Nd3 d5 {
Svart har fått ett fint centrum som kompensation för sin minusbonde.} 18. Qc2
Rc8 19. a4 c4 20. bxc4 Rxc4 21. Qd1 e5 22. Nb5 Ne4 23. f4 {Försvagar den egna
kungen, men samtidigt känns det rätt att bryta upp svarts starka centrum.} exf4
24. Bxg7 Kxg7 25. Nxf4 (25. Rxf4 g5 26. Rf3 {var kanske inte så dumt.}) 25...
Ndf6 26. Ra3 g5 $1 27. Ng2 ({Efter det naturliga} 27. Nd3 {
tvingas vit ge tillbaka bonden efter} Qb6+ {med} 28. e3 Qxe3+ 29. Kg2 {
för att undvika en katastrof.}) 27... Qb6+ 28. e3 Qa5 {
Nu ryker a4 och ställningen utjämnas helt.} 29. Ne1 Rxa4 30. Rxa4 Qxa4 31. Qxa4
Rxa4 32. Nc2 Ra2 33. Nbd4 Kg6 34. Kg2 Ng4 35. Re1 h5 1/2-1/2

[Event "SM-gruppen"]
[Site "Lund"]
[Date "2010.07.07"]
[Round "5"]
[White "Semcesen, Daniel"]
[Black "Berg, Emanuel"]
[Result "1/2-1/2"]
[WhiteElo "2420"]
[BlackElo "2612"]
[Annotator "Michael de Verdier"]
[PlyCount "128"]
[EventDate "2010.??.??"]
[EventRounds "9"]
[EventCountry "SWE"]
[Source "Anders Hansen"]
[SourceDate "2010.07.03"]

1. c4 g6 2. Nc3 Bg7 3. g3 e5 4. Bg2 f5 5. d3 Nc6 6. e4 d6 7. Nge2 Nf6 8. O-O
O-O 9. h3 {Förbereder Le3, som i sin tur förbereder d4.} Be6 10. Nd5 Qd7 11.
Kh2 {Diagram #} Rf7 (11... f4 12. gxf4 Nh5 {är ibland ett bra sätt för svart
att skapa motspel i den här typställningen. Berg sa efter partiet att han inte
riktigt fick det att fungera i detta läget.}) 12. exf5 Bxf5 13. Be3 Ne7 14.
Nxf6+ Bxf6 15. d4 Qc8 (15... d5 $5 {med ambitionen att lösa alla sina problem
konkret ska kanske inte underskattas. Efter} 16. dxe5 Bxe5 17. Qb3 dxc4 18.
Qxb7 {behåller dock vit en liten fördel.}) 16. Qd2 Be6 17. dxe5 Bxe5 18. f4 Bg7
19. Rac1 Bd7 20. Nd4 {Diagram # Vit har en bekväm fördel.} Kh8 21. Rfe1 Nc6 22.
c5 $1 {Daniel ser sin chans att helt demolera svarts struktur på damflygeln.}
dxc5 23. Nxc6 Bxc6 24. Bxc6 bxc6 25. Bxc5 Rd7 26. Qe2 Qg8 27. b3 Rad8 28. Qg2 (
28. Rcd1 {tyckte jag såg ut som ett bra drag under partiet. Efter t.ex.} a5 29.
Rxd7 Rxd7 30. Qe8 Rd2+ 31. Kg1 Rxa2 32. Qxc6 Ra1 33. Rxa1 Bxa1 34. Qxc7 Qxb3
35. Qd8+ Qg8 36. Qxa5 {har vit vinstchanser.}) 28... a5 29. Rc2 Qd5 30. Qe4
Qxe4 31. Rxe4 Rd2+ 32. Re2 Rxc2 33. Rxc2 Bd4 34. Ba3 Re8 35. Kg2 Kg8 36. Bc1 c5
37. Kf3 (37. Kf1 {
var kanske en förstärkning. Vits manöver Tc4-a4 ger svart bryderier.} a4 $5 38.
bxa4 Ra8 {är nog svarts bästa fortsättning, och efter} 39. Rc4 Kf7 40. Bd2 Ke6
41. a5 Kd5 42. Ra4 {och det är inte klart hur mycket bättre vit står.}) 37...
Re1 38. Ba3 {Ger svart chansen att forcera remin direkt, men vit hade nästan
tappat hela sin fördel i alla fall.} Re3+ 39. Kg2 a4 $1 {
Svart går in i ett tornslutspel med 3 mot 2 på ena sidan, död remi...} 40. Bxc5
Bxc5 41. Rxc5 axb3 42. axb3 Rxb3 43. Rxc7 h5 {
För en spelare av Emanuels kaliber är detta givetvis lätt att hålla.} 44. Re7
Kf8 45. Re5 Kg7 46. Rg5 Rb2+ 47. Kf3 Rb3+ 48. Kg2 Rb2+ 49. Kf1 Rb1+ 50. Kg2
Rb2+ 51. Kg1 Rb1+ 52. Kf2 Rb2+ 53. Ke1 Kf6 54. h4 Rb1+ 55. Kd2 Rb3 56. Ke2 Ra3
57. Kf2 Ra2+ 58. Kf3 Ra3+ 59. Kg2 Ra2+ 60. Kh3 Rf2 61. Re5 Ra2 62. Rg5 Rf2 63.
Re5 Ra2 64. Rg5 Rf2 1/2-1/2